000 00308nam a2200133Ia 4500
008 230818s2010 xx 000 0 und d
041 _aeng
100 _aramsay
245 _aGorden ramsay chefs secrets
260 _bQuantum pub
_c2010
300 _a223p
520 _aGeneral
999 _c853074
_d853074
650 _aFood Production